000 00411nam a22001697a 4500
003 MPLRDC
005 20220104113620.0
008 210129b ||||| |||| 00| 0 eng d
082 _a848.1 LS-19 c.2
100 _a老舍著
245 _a老舍选集
_c
260 _a
_b香港文学研究社
_c
300 _b
490 _a中国现代文选丛书
650 _a现代别集
942 _cBK
_o848.1 LS-19 c.2
999 _c1013
_d1003